000 00477nam a2200145 i 4500
001 62684
003 ES-MaACL
007 t|
008 031125s1966 sp ||||1| spa d
100 1 _aFernández Avila, Aureo.
_949491
245 1 0 _aElementos de análisis rectorial
_b: hidrodinámica : capítulos XXI, XXII y XXIII /
_cpor Aureo Fernández Avila.
260 _aMadrid :
_b[s.n.,
_c1965] (
_fDiana)
300 _a57 h. :
_bil. ;
_c26 cm.
852 _aES-MaACL
_jG-5108
_bR.70293
999 _c62684
_d62684